000 00497nam a2200205 a 4500
999 _c7396
_d7396
001 7396
003 BD-JhCC
005 20180208165622.0
008 180208s1968 usa |||| |||| 000 0 eng d
035 _a(BD-JhCC)
040 _aBD-JhCC
_dBD-JhCC
041 _aeng
082 _a843.914
_bGIL 1968
100 _aGilbert, Stuart
245 _aThe Plague /
_cStuart Gilbert
260 _aUSA:
_bAlfred A. Knopf, Inc
_c1968
300 _a278 p;,
_c22 cm
650 _aFrench fiction
942 _2ddc
_cBK